Kuunnelluimmat suomenkieliset kappaleet Spotifyssa - Statistics

Yleistilastot
  • Tätä visaa on pelattu 426 kertaa
  • Keskiarvotulos 20 / 50
Vastaustilastot
Artisti Kappale % Oikein
Käärjiä Cha Cha Cha
98%
JVG Ikuinen vappu
84%
Cheek Timantit on ikuisia
76%
BEHM Hei rakas
74%
William Penelope
67%
JVG Tarkenee
67%
Egotrippi Matkustaja
64%
Reino Nordin Antaudun
62%
Ramses II Villieläin
61%
Pyhimys Jättiläinen
60%
JVG Häissä
55%
Kasmir Vadelmavene
55%
Antti Tuisku Keinutaan
54%
BESS Ram pam pam
54%
Haloo Helsinki! Beibi
52%
BEHM Frida
50%
Evelina Honey
50%
Arttu Wiskari Suomen muotoisen pilven alla
48%
Ellinoora Elefantin paino
44%
Gettomasa Silmät
42%
Teflon Brothers Pämppää
41%
Teflon Brothers Maradona (kesä '86)
40%
Gettomasa Muijii stadis
38%
JVG Hehkuu
36%
Gettomasa Shamppanjadietillä
32%
Portion Boys Vauhti kiihtyy
32%
Teflon Brothers Hubba Bubba
30%
Petri Nygård Pannaan Suomi Kuntoon
30%
Poju Esson baariin
28%
Spekti Macho Fantastico
27%
JVG Amatimies
26%
Korpiklaani Ievan Polkka
26%
JVG Popkorni
26%
MKDMSK Surullinen klovni
26%
Lukas Leon XTC
26%
JVG Kran Turismo
25%
Mikael Gabriel Älä herätä mua unesta
24%
Pikku G Solmussa
24%
Arttu Wiskari Tässäkö tää oli?
24%
Haloo Helsinki! Hulluuden highway
23%
Teflon Brothers Lähiöunelmii
23%
Portion Boys Karjala takas
22%
Evelina Kylmii väreitä
21%
Antti Tuisku Rahan takii
21%
Sanni Että mitähän vittua
20%
Petri Nygård Nössö
20%
Robin Packalen Hula Hula
17%
Elastinen Epäröimättä hetkeekään
10%
Roope Salminen ja Koirat Matafakin darra
9%
Cheek Jossu
8%
Ehtoja vastaavia visoja ei löytynyt
Tulosjakauma
Jokaisen tuloksen saaneiden osuus
Persentiili vastausten määrän mukaan
Tuloshistoriasi
Et ole pelannut tätä visaa